Klicke die Regierungsbezirke Deutschlands auf der Karte an - Statistiken

Allgemein
  • Dieses Quiz wurde 4.307 mal gespielt
  • Das Durchschnittsergebnis liegt bei 11 aus 19
Antworten auf der Karte
Die Antworten werden auf der Karte rot bzw. grün angezeigt, abhängig davon wie oft sie richtig erraten wurden.
 
Antwortstatistiken
Antwort % Korrekt
Freiburg
80%
Stuttgart
78%
Karlsruhe
74%
Mittelfranken
71%
Kassel
70%
Münster
64%
Oberfranken
64%
Darmstadt
63%
Detmold
62%
Düsseldorf
60%
Gießen
57%
Niederbayern
57%
Oberbayern
57%
Tübingen
54%
Köln
53%
Schwaben
48%
Oberpfalz
45%
Arnsberg
44%
Unterfranken
42%
Keine übereinstimmenden Quizze gefunden
Verteilung der Resultate
Anzahl Personen mit jedem Resultat
Perzentil nach korrekt beantworteten Fragen
Ihre Resultats-Entwicklung
Sie haben dieses Quiz noch nicht gespielt